1066 1955 1369 1400 1035 1896 1555 1968 1583 1166 1858 1380 1159 1921 1387 1999 1141 1041 1646 1166 1541 1634 1142 1169 1593 1758 1890 1189 1088 1634 1672 1930 1585 1324 1414 1911 1554 1050 1147 1422 1555 1190 1318 1495 1490 1884 1762 1976 1785 1577 1791 1152 1032 1040 1422 1920 1642 1422 1490 1368 1046 1142 1063 1154 1417 1046 1218 1551 1402 1430 1053 1801 1460 1656 1140 1930 1274 1995 1189 1186 1880 1814 1432 1348 1956 1658 1128 1704 1682 1538 1383 1010 1540 1997 1153 1336 1416 1131 1515 BCNSPRNW ULIB Ver.6.0+V

เปลี่ยนเป็นภาษาไทย

Change to English
 แสดงรายละเอียดบรรณานุกรม
  กลับหน้าหลัก

Brief Record : Get Marc (ISO 2709) : E-mail record : QR code < ปิดหน้าต่าง
LEADER : 00000nam 2200000uu 4500
001    13399125258
003     ULIB
008    161201s2559||||th 000 0 tha d
060  0 ^aWA546 ป621ก
100 0  ^aผู้ช่วยรองศาสตราจารย์ ดร.ปิยะธิดา นาคะเกษียร
110 1  ^aสำนักงานสนับสนุนการพัฒนาระบบสุขภาพ^bสำนักงานกองทุนสนับสนุนการสร้างเสริมสุขภาพ
245 00 ^aชุดการเรียนรู้ที่ 3 การพัฒนาเครือข่ายการสร้างเสริมสุขภาพ =^bDevelopment of Health Promotion Networking/^cผู้ช่วยรองศาสตราจารย์ ดร.ปิยะธิดา นาคะเกษียร
250    ^aพิมพ์ครั้งที่ 1
260    ^aนนทบุรี:^bบริษัท มาตา การพิมพ์ จำกัด,^c2559
300    ^a62 หน้า:^bตาราง;^c29ซม.
650  0 ^aการเรียนรู้^bเสริมสุขภาพ
700 0  ^aการพยาบาล^bพัฒนาเครือข่าย
710 1  ^aสำนักสนับสนุนการพัฒนาระบบสุขภาพ^bสำนักงานกองทุนสนับสนุนการสร้างเสริมสุขภาพ
945    ^p0^l0^i001568
999    ^aวรรณษา ชูชัยมงคล
รายการนี้ยังไม่มีแท็ก
คุณยังไม่ได้ล็อกอิน คุณสามารถมีกิจกรรมร่วมกับเว็บไซต์ได้ แต่ต้องล็อกอินก่อน ::
  ล็อกอิน

รายการสื่อสารสนเทศ

ลำดับที่ ประเภท เลขเรียก/บาร์โค้ด สถานที่ สถานะ
1. Book การพยาบาล
Book การพยาบาล
สถานะ=หนังสือเก่า
WA546 ป621ก ฉ.1 
  Barcode: 001568
ห้องสมุดวิทยาเขตสวรรค์ประชารักษ์
►ส่วนจัดเก็บหนังสือเก่า สปร
บนชั้น
  ขอยืม

BibComment


ยังไม่เคยถูกคอมเมนท์

คอมเมนท์ทรัพยากรรายการนี้
  คอมเมนท์: ชุดการเรียนรู้ที..


 Copyright 2026. Bcnsprnw @Library